000 01432nam a2200217Ia 4500
003 OSt
005 20250206101646.0
007 ca aa aaaaa
008 201103s9999 xx 000 0 und d
040 _cSSBUL
041 _abur
082 _223
_a၂၉၄.၃၆၅၇ တော
_b၉၃၂၂ S-SAT
245 0 0 _aတောရသာသနာဆယ်နှစ်တာ(၁၃၅၃- ၁၃၆၃) /
_cကြီးကြပ်သူ အမရပူရတောင်လေးလုံးဆရာတော် ဦးပညာဇောတ(ကိုပညာ-အမရပူရ) နှင့်အရှင်သုဇနာဘိဝံသ၊ စီစဉ်တည်းဖြတ်သူ မောင်သစ်လွင်(လူထု)...[နှင့်အခြား]။
260 _aရန်ကုန် ၊
_bချိုတေးသံစာပေ၊
_c၂၀၀၂။
300 _a၄၀၀ စာမျက်နှာ ၊
_bဓါတ်ပုံများ ၊
_c၂၅ စင်တီ။
500 _aS-SAT: Dr. Sai Aung Tun
650 _aသူငယ်တော်တောရကျောင်း - တံတားဦးမြို့နယ်
_955361
650 _aဗုဒ္ဓဘာသာဘုန်းတော်ကြီးကျောင်း
_945721
650 _aဘုန်းတော်ကြီးကျောင်း - မြန်မာနိုင်ငံ။
_957344
942 _2ddc
_cBK1
999 _c16836
_d16836